000
00340nam a2200157Ia 4500
100
_a
Crowley/Charles
650
_a
Operating systems
942
_c
BK
366
_f
25
245
_a
Operating Systems
260
_b
Tata Mc Graw hill Ltd.
_c
1997
082
_a
5.43
_b
CRO
300
_a
844
546
_a
ENGLISH
_c
electronics
999
_c
34424
_d
34424